The reform of intergovernmental fiscal relations in developing and emerging market economies (Record no. 542022)
[ view plain ]
| 000 -LEADER | |
|---|---|
| fixed length control field | 00603cam a2200157 a 4500 |
| 020 ## - INTERNATIONAL STANDARD BOOK NUMBER | |
| International Standard Book Number | 0821328360 |
| 082 00 - DEWEY DECIMAL CLASSIFICATION NUMBER | |
| Classification number | 336.09172/4 |
| Author Mark | ANW |
| -- | D |
| 100 1# - MAIN ENTRY--PERSONAL NAME | |
| Personal name | Shah, Anwar. |
| 9 (RLIN) | 37106 |
| 245 14 - TITLE STATEMENT | |
| Title | The reform of intergovernmental fiscal relations in developing and emerging market economies |
| Statement of responsibility, etc. | Anwar Shah. |
| 260 ## - PUBLICATION, DISTRIBUTION, ETC. | |
| Place of publication, distribution, etc. | Washington, D.C. : |
| Name of publisher, distributor, etc. | World Bank, |
| Date of publication, distribution, etc. | 1994. |
| 490 1# - SERIES STATEMENT | |
| Series statement | Policy and research series, |
| 526 ## - STUDY PROGRAM INFORMATION NOTE | |
| Program name | 0 |
| Interest level | 0 |
| Reading level | 0 |
| Title point value | 336_091724000000000_ANW |
| 650 #0 - SUBJECT ADDED ENTRY--TOPICAL TERM | |
| Topical term or geographic name entry element | Intergovernmental fiscal relations |
| Geographic subdivision | Developing countries. |
| 9 (RLIN) | 37107 |
| 856 40 - ELECTRONIC LOCATION AND ACCESS | |
| Uniform Resource Identifier | <a href="http://www.columbia.edu/cgi-bin/cul/resolve?clio7698190">http://www.columbia.edu/cgi-bin/cul/resolve?clio7698190</a> |
| 942 ## - ADDED ENTRY ELEMENTS (KOHA) | |
| Source of classification or shelving scheme | |
| Koha item type | Book |
| Withdrawn status | Lost status | Source of classification or shelving scheme | Damaged status | Not for loan | Permanent Location | Current Location | Date acquired | Total Checkouts | Full call number | Barcode | Date last seen | Copy number | Price effective from | Koha item type |
|---|---|---|---|---|---|---|---|---|---|---|---|---|---|---|
| Military College of Engineering (MCE) | Military College of Engineering (MCE) | 09/18/2013 | 336.09172/4 ANW | MCE-43243 | 09/18/2013 | 1 | 09/18/2013 | Book |
